Normal view
MARC view
Entry Topical Term
001 - CONTROL NUMBER
- control field: 57993
003 - CONTROL NUMBER IDENTIFIER
- control field: OSt
005 - DATE AND TIME OF LATEST TRANSACTION
- control field: 20251125153452.0
008 - FIXED-LENGTH DATA ELEMENTS
- fixed length control field: 251125|| aca||aabn | a|a d
040 ## - CATALOGING SOURCE
- Original cataloging agency: OSt
- Transcribing agency: OSt
150 ## - HEADING--TOPICAL TERM
- Topical term or geographic name entry element: Socialist and capitalist forms of economy, Limited fiscal health, Start-up ecosystem, Fostering entrepreneurial society, Quality of life, India.
670 ## - SOURCE DATA FOUND
- Source citation: Work cat.: (OSt): Chakrabarty, Arindam and Singh, Anil Kumar 57992, Improvising the start-up ecosystem for fostering entrepreneurial society in India: Strategic positioning on global yardsticks and policy prescriptions
